000 01360nem a2200265 i 4500
001 91763
003 ES-MaACL
005 20250808063520.0
007 t|
008 050201q18401870sp b | |0|1||spa d
080 _a912(460.35)
100 1 _aCoello, Francisco,
_d1822-1898
_939459
245 1 0 _aTercera hoja de suplemento - Andalucía [
_hMaterial cartográfico] /
_clos planos han sido corregidos por D. Francisco Coello ; las explicaciones han sido escritas por D. Pascual Madoz.
260 _aMadrid :
_b[s.n.],
_c[18--?]
300 _a1 mapa ;
_c84 x 111 cm, pleg. en 21 x 14 cm.
500 _aEscala: 1:10.000.
500 _aCortado en cuadrículas y forrado en tela. Otra presentación editorial doblado en papel y con cartera en la misma forma que éste.
500 _aEn el margen superior: Diccionario geográfico-estadístico-histórico ; Atlas de España y sus posesiones de Ultramar.
505 8 _aContiene: Texto, datos estadísticos, planos de las localidades y detalles de zona de las provincias de Jaén, Granada, Córdoba y Sevilla
651 4 _aAndalucía-
_vMapas-
_yS.XIX.
_97771
700 1 _aMadoz, Pascual,
_d1806-1870
_975334
740 0 _aAtlas de España y sus posesiones de Ultramar.
852 _aES-MaACL
_jR-3226-66
_xOlim:G-6494-6537
_q. - Montado sobre tela y con estuche nuevo
999 _c91763
_d91763